000 00582nam a2200217Ia 4500
005 20230602111515.0
008 131103s9999 xx 000 0 und d
040 _aLoreto College
041 _aEnglish
082 _a809.9
_bHER
100 _aHerrick,Marvin T.
245 _aTragicomedy
_cMarvin T.Herrick
260 _aUrbana
_bUniversity of Illinois Press
_c1962
300 _avii,331 p.
504 _aIncludes bibliographical references and index
630 _aTragicomedy
650 _aLiterature
651 _aHistory and Criticism
850 _aLCLIB
942 _cBK
999 _c12983
_d63462